00309pab a2200121 454500008004000000100002200040245005700062260000900119300001300128362001100141650001600152773001900168180718b2011 xxu||||| |||| 00| 0 eng d aMarksteiner, Pete aUrgent: Mastering information overload in government c2011 ap.14-17. aSummer aInformation aPublic Manager